000 00501nam a2200181Ia 4500
008 090124s9999 xx 000 0 und d
082 _b40216
100 _aटिळक ज. श्री.
245 _a शिकार
250 _a2
260 _bकेसरी प्रकाशन पुणे
300 _a170
600 _aटिळक ज. श्री.
630 _a शिकार
700 _aटिळक ज. श्री.
730 _a शिकार
942 _cBOOK
999 _c105484
_d105484